Statystyki dla Wypisz federacje krajowe należące do UEFA

Kliknij tutaj aby rozwiązać quiz!

Ogólne statystyki

  • Ten quiz został rozwiązany 15 razy
  • Średni wynik to 53 z 55

Statystyki odpowiedzi

#Rok dołączeniaNarodowość% Poprawnych
11954Albania
100%
21954Anglia
100%
31954Austria
100%
451994Azerbejdżan
100%
41954Belgia
100%
411993Białoruś
100%
51954Bułgaria
100%
341992Chorwacja
100%
532007Czarnogóra
100%
421993Czechy
100%
61954Dania
100%
351992Estonia
100%
71954Finlandia
100%
111954Holandia
100%
261958Irlandia
100%
131954Islandia
100%
471994Izrael
100%
512002Kazachstan
100%
552016Kosowo
100%
301974Liechtenstein
100%
371992Litwa
100%
381992Łotwa
100%
141954Luksemburg
100%
481994Macedonia Północna
100%
431993Mołdawia
100%
151954Niemcy
100%
161954Norwegia
100%
311988San Marino
100%
522007Serbia
100%
441993Słowacja
100%
211954Szwecja
100%
401992Ukraina
100%
221954Walia
100%
251957Węgry
100%
241955Włochy
100%
321990Wyspy Owcze
100%
461994Andora
93%
501998Bośnia i Hercegowina
93%
81954Francja
93%
542013Gibraltar
93%
91954Grecja
93%
101954Hiszpania
93%
121954Irlandia Północna
93%
271960Malta
93%
231955Polska
93%
171954Portugalia
93%
391992Rosja
93%
181954Rumunia
93%
201954Szwajcaria
93%
291962Turcja
93%
331992Armenia
86%
281962Cypr
86%
361992Gruzja
86%
491994Słowenia
86%
191954Szkocja
86%

Rozkład punktacji

Percentyl według liczby udzielonych odpowiedzi

Procent ludzi z każdym wynikiem

Twoja historia wyników

Nie rozwiązałeś tego quizu